000 01371nam0a22002891 4500
001 rc\524454
005 20250621120503.0
035 _a(NLR Aleph) 005763268
090 _a4961416
_c4961416
100 _a20030616d1988 |||y0rusy50 ca
101 0 _arus
102 _aRU
105 _ay |||||||||
200 1 _aПРАВА человека и международное право
_eК 40-летию Всеобщ. декларации прав человека
_f[Б.С. Крылов]
210 _aМ.
_cБ. и.
_d1988
215 _a69 с.
_d21
225 1 _aПрава человека в СССР
_eОбзор. информ.
_fВНИИ сов. законодательства
_vВып. 4 (11)
300 _aВ надзаг. также: М-во юстиции СССР
320 _aБиблиогр. в подстроч. примеч.
423 0 _12001#$aОхрана законом личной жизни граждан$f[Е.А. Шахунянц]
_1700#1$aШахунянц$bЕ.А.
_tОхрана законом личной жизни граждан
_aШахунянц, Е.А.
701 1 _4220
_7ca
_8rus
_aКрылов
_bБ. С.
_cд-р юрид. наук
_f1923-2013
_gБорис Сергеевич
_9180076
_3RU\NLR\AUTH\770180127
801 0 _aRU
_bNLR
_gpsbo
801 1 _aRU
_bELAR
_2rusmarc
852 _aNLR
_jП22/5802
942 _cBOOK
980 _aNB